LEADER 01260nam0-2200385---450- 001 990009172030403321 005 20100413134525.0 010 $a88-430-3371-9 035 $a000917203 035 $aFED01000917203 035 $a(Aleph)000917203FED01 035 $a000917203 100 $a20100413d2005----km-y0itay50------ba 101 2 $aita$alat 102 $aIT 105 $ay-------001ey 200 1 $aLettere amorose e galanti$fBalderico di Bourgueil, Marbodo di Rennes, Ildeberto di Lavardin$ga cura di Manuela Sanson$gintroduzione di Claudia Cremonini$gcon una premessa di Francesco Zambon 210 $aRoma$cCarocci$d2005 215 $a143 p.$d18 cm 225 1 $aBiblioteca medievale$v100 676 $a871.03 676 $a856.1 700 0$aBaldricus Burguliensis$f<1045-1130>$0433875 701 1$aMarbodus Redonensis$f<1035?-1123>$0294321 701 1$aHildebertus :$cCenomanensis$f<1056-1133>$0280226 702 1$aSanson,$bManuela 702 1$aCremonini,$bClaudia 702 1$aZambon,$bFrancesco$f<1949- > 801 0$aIT$bUNINA$gRICA$2UNIMARC 901 $aBK 912 $a990009172030403321 952 $a856.1 SAN 1$bDip.f.m.14436$fFLFBC 959 $aFLFBC 996 $aLettere amorose e galanti$9780657 997 $aUNINA LEADER 02415nlm0 22006371i 450 001 990009257270403321 010 $a9783540876984 035 $a000925727 035 $aFED01000925727 035 $a(Aleph)000925727FED01 035 $a000925727 100 $a20100926d2008----km-y0itay50------ba 101 0 $aeng 102 $aDE 135 $adrnn-008mamaa 200 1 $aComputer Safety, Reliability, and Security$bRisorsa elettronica$e27th International Conference, SAFECOMP 2008 Newcastle upon Tyne, UK, September 22-25, 2008 Proceedings$fedited by David Hutchison, Takeo Kanade, Josef Kittler, Jon M. Kleinberg, Friedemann Mattern, John C. Mitchell, Moni Naor, Oscar Nierstrasz, C. Pandu Rangan, Bernhard Steffen, Madhu Sudan, Demetri Terzopoulos, Doug Tygar, Moshe Y. Vardi, Gerhard Weikum, Michael D. Harrison, Mark-Alexander Sujan 210 $aBerlin ; Heidelberg$cSpringer$d2008 225 1 $aLecture Notes in Computer Science$x0302-9743$v5219 230 $aDocumento elettronico 336 $aTesto 337 $aFormato html, pdf 702 1$aHarrison,$bMichael D. 702 1$aHutchison,$bDavid 702 1$aKanade,$bTakeo 702 1$aKittler,$bJosef 702 1$aKleinberg,$bJon M. 702 1$aMattern,$bFriedemann 702 1$aMitchell,$bJohn C. 702 1$aNaor,$bMoni 702 1$aNierstrasz,$bOscar 702 1$aPandu Rangan,$bC. 702 1$aSteffen,$bBernhard 702 1$aSudan,$bMadhu 702 1$aSujan,$bMark-Alexander 702 1$aTerzopoulos,$bDemetri 702 1$aTygar,$bDoug 702 1$aVardi,$bMoshe Y. 702 1$aWeikum,$bGerhard 801 0$aIT$bUNINA$gREICAT$2UNIMARC 856 4 $zFull text per gli utenti Federico II$uhttp://dx.doi.org/10.1007/978-3-540-87698-4 901 $aEB 912 $a990009257270403321 961 $aCoding and Information Theory 961 $aCoding theory 961 $aComputer Science 961 $aData protection 961 $aInformation Systems 961 $aLogic design 961 $aLogics and Meanings of Programs 961 $aManagement of Computing and Information Systems 961 $aSoftware engineering 961 $aSoftware Engineering/Programming and Operating Systems 961 $aSpecial Purpose and Application-Based Systems 961 $aSystems and Data Security 996 $aComputer Safety, Reliability, and Security$9772429 997 $aUNINA